000 00239nam a22000857a 4500
008 160811b xxu||||| |||| 00| 0 eng d
100 _9110
_aDavies K
245 _aThe great Hamster Massacre
260 _aLondon
_bSimon & Schunter Publication
_c2010
999 _c2764
_d2764